| 000 | 00578nam a22001937a 4500 | ||
|---|---|---|---|
| 003 | KOHA_MİRAKIL | ||
| 005 | 20240930101029.0 | ||
| 008 | 240929b2022 tu ||||| |||| 00| 0 tur d | ||
| 020 | _a9789751410702 | ||
| 040 |
_aTR-AnABB _btur _cTR-AnABB |
||
| 041 | _atur | ||
| 082 |
_a158.1 _bCUC 2022 |
||
| 100 | _aCüceloğlu, Doğan. | ||
| 245 | 0 |
_aÖzüne yabancılaşmış insanların oluşturduğu mış gibi yaşamlar / _cDoğan Cüceloğlu. |
|
| 260 |
_aİstanbul : _bRemzi Kitapevi, _c2022. |
||
| 300 |
_a351 sayfa ; _c20 cm. |
||
| 650 | _aKişisel gelişim | ||
| 942 |
_2ddc _cBK |
||
| 999 |
_c2802 _d2802 |
||